La construcción del Estado Nacional en Nicaragua: El proyecto san dinista (1993-1934) /
Αποθηκεύτηκε σε:
| Κύριος συγγραφέας: | |
|---|---|
| Μορφή: | Κείμενο |
| Θέματα: | |
| Ετικέτες: |
Προσθήκη ετικέτας
Δεν υπάρχουν, Καταχωρήστε ετικέτα πρώτοι!
|
MARC
| LEADER | 00000 a a2200000 04500 | ||
|---|---|---|---|
| 001 | 46231 | ||
| 003 | |||
| 040 | |||
| 090 | |a REV1052 (2) 1992 | ||
| 100 | |a Dospital, Michelle | ||
| 245 | |a La construcción del Estado Nacional en Nicaragua: |b El proyecto san dinista (1993-1934) / |c Michelle Dospital | ||
| 650 | |a ESTADO | ||
| 650 | |a NACION | ||
| 650 | |a CONFLICTOS POLITICOS | ||
| 773 | |g número2 (1992), Páginas 52-61. | ||
| 999 | |c 21436 |d 21436 | ||
